000 01028nam a2200253Ia 4500
003 Ost
005 20260507075651.0
008 260507s9999||||xx |||||||||||||| ||und||
020 _a5445404977
040 _cfsecg
041 _aara
082 _a341.754
100 _aسلامة، أحمد عبد الكريم
_eمؤلف
245 0 _aقانون التحكيم التجاري الدولي والداخلي :
_bتنظير وتطبيق مقارن /
_c أحمد عبد الكريم سلامة
260 _aالقاهرة:
_bدار النهضة العربية,
_c2005
300 _a1316 صفحة؛
_bإيضاحات ؛
_c25 سم
520 _aماهية التحكيم وضرورته والإهتمام به- اتفاق التحكيم- اجراءات التحكيم.
653 _aالتجارة الدولية
653 _aالتحكيم التجاري
653 _aالتحكيم الدولي
653 _aالقانون التجاري
653 _aالقانون الدولي التجاري
942 _cكتاب
999 _c45610
_d45610